Mapa de las lenguas de Italia - Estadísticas

Estadísticas generales
  • Esta prueba ha sido intentada 68 veces
  • La puntuación promedio es 13 de 28
Respuestas en el mapa
Las respuestas están codificadas por una escala verde-roja en el mapa de la prueba según el % correcto abajo.
 
Estadísticas de respuestas
Respuesta % Correcto
Italiano
96%
Napolitano
93%
Siciliano
93%
Sardo
80%
Veneciano
74%
Piamontés
70%
Toscano
69%
Lombardo
63%
Ligurés
61%
Emiliano-Romañol
56%
Catalán
48%
Ladino
48%
Occitano
43%
Friulano
39%
Sur Tirolés
39%
Griego
37%
Esloveno
35%
Franco-Provenzal
31%
Albanés
30%
Serbo-Croata
30%
Sasarés y Galurés
26%
Galo-Itálico de Basilicata
24%
Galo-Itálico de las Marcas
24%
Galo-Itálico de Sicilia
24%
Bávaro Carintio
15%
Bávaro Cimbriano
15%
Bávaro Mócheno
15%
Valesano
6%
No se encontraron pruebas coincidentes
Distribución de puntuación
Porcentaje de gente con cada puntuación
Porcentaje por número respondido
Historial de tus puntuaciones
No has intentado esta prueba.